| 000 | 00494nam a22001817a 4500 | ||
|---|---|---|---|
| 999 |
_c257222 _d257221 |
||
| 003 | OSt | ||
| 005 | 20180829102252.0 | ||
| 008 | 180829b xxu||||| |||| 00| 0 eng d | ||
| 020 | _a9780136154181 | ||
| 020 | _a0136154182 | ||
| 040 | _cn/a | ||
| 050 | _aHD62.4 .D47 2008 | ||
| 100 | _aHelen Deresky | ||
| 245 |
_aInternational management / _bmanaging across borders and cultures text and cases |
||
| 250 | _a6th ed | ||
| 260 |
_aNew Jersey _bPearson Prentice hall _c2008 |
||
| 942 |
_2lcc _cBK |
||